Wszystkie kraje na Ka - Statystyki

Ogólne statystyki
  • Ten quiz został rozwiązany 45 razy
  • Średni wynik to 4 z 5
Statystyki odpowiedzi
powierzchnia Państwo % Poprawnych
9985000 kanada
90%
181000 kambodza
83%
2725000 kazachstan
71%
475000 kamerun
61%
11500 katar
54%
Nie znaleziono quizów pasujących do podanych kryteriów
Rozkład punktacji
Procent ludzi z każdym wynikiem
Percentyl według liczby udzielonych odpowiedzi
Twoja historia wyników
Nie rozwiązałeś tego quizu